| 000 | 00535nam a2200193Ia 4500 | ||
|---|---|---|---|
| 005 | 20260429111959.0 | ||
| 008 | 260429s9999||||xx |||||||||||||| ||und|| | ||
| 020 | _a9781944660994 | ||
| 041 | _aEnglish | ||
| 082 |
_a537 _bDIB |
||
| 100 | _aDi Bartolo, Baldassare | ||
| 245 | 0 |
_aClassical theory of electromagnetism / _cBaldassare Di Bartolo |
|
| 250 | _a3rd ed. | ||
| 260 |
_aSingapore : _bWorld Scientific Publishing, _c2024. |
||
| 300 | _axxiv, 689 p.; pbk | ||
| 650 | _a Electromagnetism | ||
| 650 | _aPhysics | ||
| 942 | _cTB | ||
| 999 |
_c51729 _d51729 |
||